Представление документа в формате RUSMARC

ПолеНазваниеЗначение
  Тип записи a
  Библиографический уровень m
001 Контрольный номер e5d6f19d9cb5400997174c87320c52b9
005 Дата корректировки 20150508141029.4
010 Индекс ISBN __
a ISBN 978-5-91131-887-1
101 Язык документа 0_
a Язык текста rus
102 Страна публикации __
a Страна публикации RU
200 Заглавие и сведения об ответственности 1_
a Заглавие Права потребителя при покупке товаров и оказании услуг
e Сведения, относящиеся к заглавию практ. пособие
f Первые сведения об ответственности К. О. Гущина
210 Выходные данные 1_
c Издательство Дашков и К
a Место издания М.
d Дата издания 2008
215 Физическое описание __
a Объем 210, [2] с.
610 Ключевые слова 0_
a Ключевые слова защита прав потребителей
610 Ключевые слова 0_
a Ключевые слова закон
610 Ключевые слова 0_
a Ключевые слова безопасность товара
610 Ключевые слова 0_
a Ключевые слова услуги
610 Ключевые слова 0_
a Ключевые слова компенсация
610 Ключевые слова 0_
a Ключевые слова практическое пособие
686 Индексы других классификаций __
a Классификационный индекс 67.621.147
2 Код системы rubbk
700 Автор _1
a Фамилия Гущина
b Имя К. О.
801 Источник записи _0
a Страна RU
b Организация РУК
c Дата составления 20110818
g Правила каталогизации PSBO
801 Источник записи _1
a Страна RU
b Организация РУК
c Дата составления 20110818
g Правила каталогизации PSBO
852 Данные о местонахождении __
j Шифр хранения ББК 67
i Авторский знак Г 98
901 Тип документа __
t Тип документа m
938 Служебная информация __
a Название организации Головной вуз
b Имя БД BOOK
c Название АИБС АИБС ИРБИС
938 Служебная информация __
a Название организации Владимирский филиал